00586nam a2200169 i 450000100060000000300090000600500170001500700030003200800410003510000380007624500570011426000360017130000380020785200320024599900170027795201220029427626ES-MaACL20230906153651.0t|030115s1970 sp ||||1| spa d1 aArazuri, José Joaquín.92237510aPamplona estrena siglo / cJosé Joaquín Arazuri. aPamplona : bE.L.S.A., c[1970] aXIX, 131 p., 40 lám. ; c17 cm. aES-MaACLjC-47174 bR.75558 c27626d27626 00104070aATENEOMbATENEOMcDEPO2d2008-01-17eSCl0oC-47174p1028527r2023-02-23 00:00:00w2023-02-23yMONOGRAFIA